Valuation of local authority leisure (Record no. 60869)
[ view plain ]
| 000 -LEADER | |
|---|---|
| fixed length control field | 00861cam a2200229 4500 |
| 001 - CONTROL NUMBER | |
| control field | ABS61616 |
| 008 - FIXED-LENGTH DATA ELEMENTS--GENERAL INFORMATION | |
| fixed length control field | 000000n 000 0 eng u |
| 035 ## - SYSTEM CONTROL NUMBER | |
| System control number | (Sirsi) u101753 |
| 100 ## - MAIN ENTRY--PERSONAL NAME | |
| Personal name | Brown, P. K. |
| 245 ## - TITLE STATEMENT | |
| Title | Valuation of local authority leisure |
| 260 ## - PUBLICATION, DISTRIBUTION, ETC. | |
| -- | 999 |
| 490 ## - SERIES STATEMENT | |
| Series statement | The Impugner |
| Volume/sequential designation | 3(3) July 1999, 41-51(11) |
| 520 ## - SUMMARY, ETC. | |
| Summary, etc. | Discusses two approaches to valuation: the contractor's basis and the receipts and expenditure approach, in the context of local authority leisure property. Considers whether both methods should produce the same results and whether they are both properly applied. |
| 590 ## - LOCAL NOTE (RLIN) | |
| Local note | ABS |
| 650 ## - SUBJECT ADDED ENTRY--TOPICAL TERM | |
| Topical term or geographic name entry element | LEISURE PROPERTY |
| 650 ## - SUBJECT ADDED ENTRY--TOPICAL TERM | |
| Topical term or geographic name entry element | Valuation |
| 9 (RLIN) | 6273 |
| 650 ## - SUBJECT ADDED ENTRY--TOPICAL TERM | |
| Topical term or geographic name entry element | CONTRACTORS BASIS |
| 650 ## - SUBJECT ADDED ENTRY--TOPICAL TERM | |
| Topical term or geographic name entry element | RECEIPTS AND EXPENDITURE VALUATION METHOD |
| 650 ## - SUBJECT ADDED ENTRY--TOPICAL TERM | |
| Topical term or geographic name entry element | LOCAL AUTHORITIES |
| 690 ## - LOCAL SUBJECT ADDED ENTRY--TOPICAL TERM (OCLC, RLIN) | |
| Topical term or geographic name as entry element | RATING AND VALUATION |
| 942 ## - ADDED ENTRY ELEMENTS (KOHA) | |
| Suppress in OPAC | 0 |
| Withdrawn status | Lost status | Source of classification or shelving scheme | Damaged status | Not for loan | Home library | Current library | Shelving location | Date acquired | Total Checkouts | Full call number | Barcode | Date last seen | Copy number | Price effective from | Koha item type |
|---|---|---|---|---|---|---|---|---|---|---|---|---|---|---|---|
| Dewey Decimal Classification | London | London | Journal article | 11/11/1999 | ABS61616 | 101753-1001 | 06/08/2019 | 1 | 06/08/2019 | Journal article |